000 00907nam a22002535i 4500
001 176435
003 ES-MaACL
005 20250809151249.0
008 110117s1963 sp af |||| | spa d
080 _a726.54(569.4)
100 0 _aParrot, André.
_989273
245 1 0 _aGólgota y el Santo Sepulcro /
_cAndré Parrot ; traducción de Sebastián Bartina.
260 _aBarcelona :
_bGarriga,
_cD. L. 1963.
300 _a106, [8] p. de lám. bl. y n. :
_bil. bl. y n. ;
_c21 cm.
490 1 _aCuadernos de Arqueología Bíblica ;
_v6
500 _aÍndices.
504 _aBibliografía: p. 97-99.
610 0 4 _aBasílica del Santo Sepulcro (Jerusalén)
_9144771
650 7 _aArqueología bíblica
_2embne
_99981
700 1 _aBartina, Sebastián.
_926136
830 0 _aCuadernos de Arqueología Bíblica ;
_v6
_9190046
852 _aES-MaACL
_jE-14062
_xOlim P-379-bis
999 _c176435
_d176435